[Event "Team Championship Russia (Blitz, Men)"]
[Site "Sochi"]
[Date "2018.10.10"]
[Round "6.3"]
[White "Timofeev, Artyom"]
[Black "Savchenko, Boris"]
[Result "0-1"]
[BlackElo "2657"]
[WhiteElo "2610"]
[LiveChessVersion "1.4.8"]

1. c4 {[%clk 0:03:03]} e5 {[%clk 0:03:03]} 2. Nc3 {[%clk 0:03:02]} d6
{[%clk 0:03:04]} 3. g3 {[%clk 0:03:02]} f5 {[%clk 0:03:04]} 4. Bg2
{[%clk 0:03:03]} Be7 {[%clk 0:03:06]} 5. e3 {[%clk 0:03:02]} Nf6 {[%clk 0:03:04]}
6. Nge2 {[%clk 0:03:03]} O-O {[%clk 0:03:04]} 7. O-O {[%clk 0:03:03]} c6
{[%clk 0:03:04]} 8. d4 {[%clk 0:02:53]} e4 {[%clk 0:03:03]} 9. d5
{[%clk 0:02:53]} Nbd7 {[%clk 0:02:57]} 10. f3 {[%clk 0:02:16]} exf3
{[%clk 0:02:56]} 11. Rxf3 {[%clk 0:02:17]} Ne5 {[%clk 0:02:57]} 12. Rf1
{[%clk 0:02:17]} Kh8 {[%clk 0:02:34]} 13. Nd4 {[%clk 0:02:06]} c5
{[%clk 0:02:34]} 14. Nxf5 {[%clk 0:02:04]} Nxc4 {[%clk 0:02:29]} 15. e4
{[%clk 0:01:56]} a6 {[%clk 0:02:12]} 16. h3 {[%clk 0:01:39]} b5 {[%clk 0:02:11]}
17. Kh1 {[%clk 0:01:03]} Bxf5 {[%clk 0:02:04]} 18. Rxf5 {[%clk 0:01:02]} Nd7
{[%clk 0:02:05]} 19. Ne2 {[%clk 0:00:58]} Rxf5 {[%clk 0:01:57]} 20. exf5
{[%clk 0:00:57]} Bf6 {[%clk 0:01:55]} 21. Qc2 {[%clk 0:00:40]} Qe7
{[%clk 0:01:53]} 22. a4 {[%clk 0:00:37]} Re8 {[%clk 0:01:52]} 23. axb5
{[%clk 0:00:35]} Qxe2 {[%clk 0:01:48]} 24. Qxe2 {[%clk 0:00:31]} Rxe2
{[%clk 0:01:48]} 25. bxa6 {[%clk 0:00:32]} Re1+ {[%clk 0:01:45]} 26. Kh2
{[%clk 0:00:33]} Ndb6 {[%clk 0:01:45]} 27. a7 {[%clk 0:00:33]} Na8
{[%clk 0:01:43]} 28. Bf3 {[%clk 0:00:24]} Nd2 {[%clk 0:01:32]} 29. Ra6
{[%clk 0:00:16]} Nxf3+ {[%clk 0:01:16]} 30. Kg2 {[%clk 0:00:17]} Nd4
{[%clk 0:01:00]} 31. Bf4 {[%clk 0:00:18]} Re2+ {[%clk 0:00:58]} 32. Kf1
{[%clk 0:00:18]} Rxb2 {[%clk 0:00:47]} 33. Rxd6 {[%clk 0:00:12]} Rb7
{[%clk 0:00:34]} 34. Ra6 {[%clk 0:00:10]} Nxf5 {[%clk 0:00:32]} 35. g4
{[%clk 0:00:10]} Ne7 {[%clk 0:00:29]} 36. d6 {[%clk 0:00:11]} Nc8
{[%clk 0:00:30]} 37. Rc6 {[%clk 0:00:06]} Nxa7 {[%clk 0:00:29]} 38. Rxc5
{[%clk 0:00:08]} h6 {[%clk 0:00:27]} 39. Bg3 {[%clk 0:00:07]} Nb6
{[%clk 0:00:26]} 40. h4 {[%clk 0:00:08]} Nd7 {[%clk 0:00:26]} 41. Ra5
{[%clk 0:00:09]} Nc6 {[%clk 0:00:24]} 42. Rd5 {[%clk 0:00:09]} Rb4
{[%clk 0:00:23]} 43. g5 {[%clk 0:00:09]} Be5 {[%clk 0:00:23]} 44. Bxe5
{[%clk 0:00:07]} Ncxe5 {[%clk 0:00:24]} 45. gxh6 {[%clk 0:00:09]} gxh6
{[%clk 0:00:25]} 46. h5 {[%clk 0:00:09]} Rh4 {[%clk 0:00:26]} 47. Ke2
{[%clk 0:00:10]} Rxh5 {[%clk 0:00:26]} 0-1

[Event "Team Championship Russia (Blitz, Men)"]
[Site "Sochi"]
[Date "2018.10.10"]
[Round "6.4"]
[White "Indjic, Aleksandar"]
[Black "Sharafiev, Azat"]
[Result "1-0"]
[BlackElo "2435"]
[WhiteElo "2606"]
[LiveChessVersion "1.4.8"]

1. d4 {[%clk 0:03:01]} d6 {[%clk 0:03:02]} 2. Nf3 {[%clk 0:02:59]} Nf6
{[%clk 0:03:01]} 3. c4 {[%clk 0:02:59]} Bg4 {[%clk 0:03:02]} 4. Nc3
{[%clk 0:02:59]} Nbd7 {[%clk 0:03:02]} 5. e3 {[%clk 0:02:59]} e5 {[%clk 0:03:01]}
6. h3 {[%clk 0:02:59]} Bh5 {[%clk 0:02:56]} 7. g4 {[%clk 0:02:59]} Bg6
{[%clk 0:02:57]} 8. Nh4 {[%clk 0:03:00]} c6 {[%clk 0:02:32]} 9. Bg2
{[%clk 0:02:56]} exd4 {[%clk 0:02:28]} 10. exd4 {[%clk 0:02:55]} Be7
{[%clk 0:02:11]} 11. O-O {[%clk 0:02:44]} O-O {[%clk 0:02:07]} 12. Nxg6
{[%clk 0:02:41]} fxg6 {[%clk 0:02:05]} 13. g5 {[%clk 0:02:34]} Nh5
{[%clk 0:01:57]} 14. Qg4 {[%clk 0:02:34]} Nb6 {[%clk 0:01:43]} 15. Re1
{[%clk 0:01:50]} Rf7 {[%clk 0:01:26]} 16. d5 {[%clk 0:01:49]} Rc8
{[%clk 0:01:20]} 17. b3 {[%clk 0:01:45]} Qf8 {[%clk 0:00:58]} 18. Qe6
{[%clk 0:01:36]} Kh8 {[%clk 0:00:56]} 19. h4 {[%clk 0:01:28]} Bd8
{[%clk 0:00:41]} 20. Ne4 {[%clk 0:00:31]} cxd5 {[%clk 0:00:33]} 21. cxd5
{[%clk 0:00:15]} Bc7 {[%clk 0:00:30]} 22. Be3 {[%clk 0:00:14]} Nf4
{[%clk 0:00:28]} 23. Bxf4 {[%clk 0:00:13]} Rxf4 {[%clk 0:00:29]} 24. Rac1
{[%clk 0:00:14]} Re8 {[%clk 0:00:27]} 25. Rxc7 {[%clk 0:00:15]} Rxe6
{[%clk 0:00:27]} 26. dxe6 {[%clk 0:00:16]} Nd5 {[%clk 0:00:18]} 27. Rxb7
{[%clk 0:00:17]} Rg4 {[%clk 0:00:09]} 28. Ng3 {[%clk 0:00:12]} Ne7
{[%clk 0:00:06]} 29. Rc1 {[%clk 0:00:12]} h6 {[%clk 0:00:04]} 30. Rcc7
{[%clk 0:00:09]} Nf5 {[%clk 0:00:04]} 31. e7 {[%clk 0:00:10]} Nxe7
{[%clk 0:00:04]} 32. Rxe7 {[%clk 0:00:10]} hxg5 {[%clk 0:00:05]} 33. hxg5 Rxg5
{[%clk 0:00:04]} 34. Rxg7 {[%clk 0:00:12]} Qxg7 {[%clk 0:00:05]} 35. Rxg7
{[%clk 0:00:13]} Kxg7 {[%clk 0:00:06]} 36. Be4 {[%clk 0:00:11]} Rc5
{[%clk 0:00:05]} 37. Kf1 {[%clk 0:00:13]} Kf6 {[%clk 0:00:05]} 38. Ke2
{[%clk 0:00:14]} Ke5 {[%clk 0:00:05]} 39. Bxg6 {[%clk 0:00:15]} Rc1
{[%clk 0:00:06]} 40. Kd2 {[%clk 0:00:16]} Ra1 {[%clk 0:00:07]} 41. a4
{[%clk 0:00:16]} Ra2+ {[%clk 0:00:07]} 42. Bc2 {[%clk 0:00:17]} d5
{[%clk 0:00:07]} 43. Ne2 {[%clk 0:00:18]} Ra1 {[%clk 0:00:05]} 44. Nc1
{[%clk 0:00:19]} Kd4 {[%clk 0:00:05]} 45. f4 {[%clk 0:00:20]} a5 {[%clk 0:00:06]}
46. Ne2+ {[%clk 0:00:19]} Kc5 {[%clk 0:00:07]} 47. Nc1 {[%clk 0:00:15]} Kd4
{[%clk 0:00:08]} 48. b4 {[%clk 0:00:17]} Kc4 {[%clk 0:00:03]} 49. bxa5
{[%clk 0:00:16]} d4 {[%clk 0:00:03]} 50. f5 {[%clk 0:00:14]} d3 {[%clk 0:00:03]}
51. Bxd3+ {[%clk 0:00:15]} Kd4 {[%clk 0:00:04]} 52. Nb3+ {[%clk 0:00:16]} 1-0

[Event "Team Championship Russia (Blitz, Men)"]
[Site "Sochi"]
[Date "2018.10.10"]
[Round "6.5"]
[White "Zvjaginsev, Vadim"]
[Black "Alekseenko, Kirill"]
[Result "1/2-1/2"]
[BlackElo "2613"]
[WhiteElo "2669"]
[LiveChessVersion "1.4.8"]

1. e4 {[%clk 0:03:03]} c5 {[%clk 0:03:03]} 2. Nf3 {[%clk 0:03:04]} Nc6
{[%clk 0:03:04]} 3. Bb5 {[%clk 0:03:04]} g6 {[%clk 0:03:05]} 4. O-O
{[%clk 0:03:04]} Bg7 {[%clk 0:03:06]} 5. d3 {[%clk 0:03:05]} Nf6 {[%clk 0:03:05]}
6. c3 {[%clk 0:03:01]} O-O {[%clk 0:03:04]} 7. h3 {[%clk 0:03:01]} d6
{[%clk 0:03:05]} 8. Re1 {[%clk 0:02:57]} Bd7 {[%clk 0:03:06]} 9. Nbd2
{[%clk 0:02:46]} Rb8 {[%clk 0:03:00]} 10. a4 {[%clk 0:02:44]} a6 {[%clk 0:02:39]}
11. Bxc6 {[%clk 0:02:44]} Bxc6 {[%clk 0:02:39]} 12. a5 {[%clk 0:02:40]} Nd7
{[%clk 0:02:29]} 13. Nc4 {[%clk 0:02:37]} Qc8 {[%clk 0:01:57]} 14. Bg5
{[%clk 0:02:29]} Re8 {[%clk 0:01:56]} 15. Qd2 {[%clk 0:02:26]} b5
{[%clk 0:01:56]} 16. axb6 {[%clk 0:02:25]} Nxb6 {[%clk 0:01:57]} 17. Ne3
{[%clk 0:01:55]} c4 {[%clk 0:01:29]} 18. Nxc4 {[%clk 0:01:51]} Nxc4
{[%clk 0:01:30]} 19. dxc4 {[%clk 0:01:52]} Qb7 {[%clk 0:01:31]} 20. Bh6
{[%clk 0:01:41]} Bh8 {[%clk 0:01:13]} 21. Qf4 {[%clk 0:01:37]} Qxb2
{[%clk 0:01:01]} 22. Rxa6 {[%clk 0:01:20]} Bb7 {[%clk 0:01:02]} 23. Raa1
{[%clk 0:01:10]} Qxc3 {[%clk 0:01:00]} 24. Rac1 {[%clk 0:01:07]} Qf6
{[%clk 0:00:57]} 25. Qxf6 {[%clk 0:01:05]} Bxf6 {[%clk 0:00:58]} 26. e5
{[%clk 0:01:06]} dxe5 {[%clk 0:00:56]} 27. Nxe5 {[%clk 0:01:07]} Red8
{[%clk 0:00:47]} 28. Ng4 {[%clk 0:01:03]} 1/2-1/2

[Event "Team Championship Russia (Blitz, Men)"]
[Site "Sochi"]
[Date "2018.10.10"]
[Round "6.6"]
[White "Alekseev, Evgeny"]
[Black "Grachev, Boris"]
[Result "1/2-1/2"]
[BlackElo "2646"]
[WhiteElo "2629"]
[LiveChessVersion "1.4.8"]

1. c4 {[%clk 0:03:03]} e6 {[%clk 0:03:04]} 2. Nf3 {[%clk 0:03:03]} d5
{[%clk 0:03:05]} 3. e3 {[%clk 0:03:04]} dxc4 {[%clk 0:03:05]} 4. Bxc4
{[%clk 0:03:05]} a6 {[%clk 0:03:05]} 5. b3 {[%clk 0:03:03]} Nf6 {[%clk 0:03:00]}
6. Bb2 {[%clk 0:03:04]} b5 {[%clk 0:02:59]} 7. Be2 {[%clk 0:03:04]} Bb7
{[%clk 0:03:00]} 8. Qc2 {[%clk 0:02:49]} c5 {[%clk 0:02:50]} 9. a4
{[%clk 0:02:47]} b4 {[%clk 0:02:49]} 10. d3 {[%clk 0:02:36]} Nbd7
{[%clk 0:02:44]} 11. Nbd2 {[%clk 0:02:36]} Be7 {[%clk 0:02:43]} 12. g4
{[%clk 0:02:24]} O-O {[%clk 0:02:39]} 13. g5 {[%clk 0:02:24]} Nd5
{[%clk 0:02:39]} 14. h4 {[%clk 0:02:21]} f5 {[%clk 0:02:04]} 15. Nc4
{[%clk 0:02:16]} Rc8 {[%clk 0:01:52]} 16. Rg1 {[%clk 0:02:17]} N5b6
{[%clk 0:01:46]} 17. O-O-O {[%clk 0:02:12]} Nxc4 {[%clk 0:01:37]} 18. dxc4
{[%clk 0:02:04]} Qc7 {[%clk 0:01:38]} 19. Ba1 {[%clk 0:02:00]} Rfd8
{[%clk 0:01:12]} 20. h5 {[%clk 0:01:53]} Bf8 {[%clk 0:01:01]} 21. h6
{[%clk 0:01:41]} Bxf3 {[%clk 0:01:00]} 22. Bxf3 {[%clk 0:01:20]} Ne5
{[%clk 0:01:01]} 23. Be2 {[%clk 0:01:11]} Ng6 {[%clk 0:00:57]} 24. f4
{[%clk 0:00:48]} Rxd1+ {[%clk 0:00:53]} 25. Rxd1 {[%clk 0:00:48]} Rd8
{[%clk 0:00:55]} 26. Rg1 {[%clk 0:00:35]} a5 {[%clk 0:00:49]} 27. Bf3
{[%clk 0:00:31]} Nxf4 {[%clk 0:00:37]} 28. hxg7 {[%clk 0:00:23]} Bxg7
{[%clk 0:00:31]} 29. Bf6 {[%clk 0:00:24]} Rd7 {[%clk 0:00:28]} 30. Kb1
{[%clk 0:00:22]} Ng6 {[%clk 0:00:27]} 31. e4 {[%clk 0:00:23]} Qf4
{[%clk 0:00:19]} 32. exf5 {[%clk 0:00:21]} Qxf3 {[%clk 0:00:17]} 33. fxg6
{[%clk 0:00:21]} hxg6 {[%clk 0:00:17]} 34. Ka2 {[%clk 0:00:13]} Qd3
{[%clk 0:00:11]} 35. Qb2 {[%clk 0:00:12]} Qe3 {[%clk 0:00:07]} 36. Rg2
{[%clk 0:00:12]} Qe1 {[%clk 0:00:07]} 37. Re2 {[%clk 0:00:12]} Qf1
{[%clk 0:00:05]} 38. Rxe6 {[%clk 0:00:11]} Qd1 {[%clk 0:00:04]} 39. Re2
{[%clk 0:00:10]} Bxf6 {[%clk 0:00:04]} 40. gxf6 {[%clk 0:00:11]} Kf7
{[%clk 0:00:05]} 41. Rh2 {[%clk 0:00:11]} Qd4 {[%clk 0:00:04]} 42. Qe2
{[%clk 0:00:09]} Kxf6 {[%clk 0:00:04]} 43. Qf3+ {[%clk 0:00:08]} Kg7
{[%clk 0:00:05]} 44. Qh3 {[%clk 0:00:09]} Kf6 {[%clk 0:00:05]} 45. Qf3+
{[%clk 0:00:09]} Kg7 {[%clk 0:00:06]} 46. Qh3 Kf6 47. Qf3+ {[%clk 0:00:10]} Ke5
1/2-1/2

[Event "Team Championship Russia (Blitz, Men)"]
[Site "Sochi"]
[Date "2018.10.10"]
[Round "6.7"]
[White "Kobalia, Mikhail"]
[Black "Usmanov, Vasily"]
[Result "1/2-1/2"]
[BlackElo "2446"]
[WhiteElo "2492"]
[LiveChessVersion "1.4.8"]

1. e4 {[%clk 0:03:03]} c5 {[%clk 0:03:03]} 2. Nf3 {[%clk 0:03:03]} Nc6
{[%clk 0:03:04]} 3. Bb5 {[%clk 0:03:04]} d6 {[%clk 0:03:03]} 4. O-O
{[%clk 0:03:05]} Bd7 {[%clk 0:03:02]} 5. Re1 {[%clk 0:03:05]} a6 {[%clk 0:03:03]}
6. Bf1 {[%clk 0:03:06]} Bg4 {[%clk 0:03:01]} 7. h3 {[%clk 0:03:07]} Bh5
{[%clk 0:03:02]} 8. c3 {[%clk 0:03:07]} e6 {[%clk 0:03:00]} 9. Na3
{[%clk 0:02:43]} Nf6 {[%clk 0:03:00]} 10. Nc2 {[%clk 0:02:44]} Be7
{[%clk 0:02:58]} 11. d4 {[%clk 0:02:45]} cxd4 {[%clk 0:02:53]} 12. cxd4
{[%clk 0:02:46]} d5 {[%clk 0:02:50]} 13. e5 {[%clk 0:02:41]} Nd7 {[%clk 0:02:39]}
14. Bf4 {[%clk 0:02:36]} O-O {[%clk 0:02:35]} 15. Bd3 {[%clk 0:02:34]} Rc8
{[%clk 0:02:24]} 16. g4 {[%clk 0:02:30]} Bg6 {[%clk 0:02:25]} 17. Bxg6
{[%clk 0:02:31]} fxg6 {[%clk 0:02:17]} 18. Be3 {[%clk 0:02:27]} Nb4
{[%clk 0:02:12]} 19. Nxb4 {[%clk 0:02:21]} Bxb4 {[%clk 0:02:13]} 20. Rf1
{[%clk 0:02:22]} Nb6 {[%clk 0:02:07]} 21. Qe2 {[%clk 0:02:16]} Qd7
{[%clk 0:01:55]} 22. Rac1 {[%clk 0:02:07]} Nc4 {[%clk 0:01:50]} 23. Kg2
{[%clk 0:01:54]} Be7 {[%clk 0:01:37]} 24. b3 {[%clk 0:01:53]} Na5
{[%clk 0:01:29]} 25. h4 {[%clk 0:01:51]} Rxc1 {[%clk 0:01:22]} 26. Rxc1
{[%clk 0:01:52]} Nc6 {[%clk 0:01:19]} 27. Rh1 {[%clk 0:01:51]} h6
{[%clk 0:01:18]} 28. Qd3 {[%clk 0:01:46]} Qe8 {[%clk 0:01:19]} 29. Bd2
{[%clk 0:01:39]} Qf7 {[%clk 0:01:17]} 30. Rh3 {[%clk 0:01:33]} Bb4
{[%clk 0:01:10]} 31. Bc1 {[%clk 0:01:31]} Be7 {[%clk 0:01:08]} 32. Bd2
{[%clk 0:01:31]} Bb4 {[%clk 0:01:09]} 33. Bc1 {[%clk 0:01:24]} Be7
{[%clk 0:01:10]} 34. Be3 {[%clk 0:01:19]} Nb4 {[%clk 0:01:08]} 35. Qb1
{[%clk 0:01:15]} Nc6 {[%clk 0:01:09]} 36. Qd3 {[%clk 0:01:14]} Nb4
{[%clk 0:01:10]} 37. Qb1 {[%clk 0:01:10]} Nc6 {[%clk 0:01:11]} 38. Qd1
{[%clk 0:01:05]} Bd8 {[%clk 0:01:09]} 39. Qd3 {[%clk 0:01:01]} Nb4
{[%clk 0:01:08]} 40. Qd2 {[%clk 0:00:56]} Nc6 {[%clk 0:01:09]} 41. Qd3
{[%clk 0:00:55]} Nb4 {[%clk 0:01:09]} 1/2-1/2

[Event "Team Championship Russia (Blitz, Men)"]
[Site "Sochi"]
[Date "2018.10.10"]
[Round "6.8"]
[White "Romanov, Evgeny"]
[Black "Motylev, Alexander"]
[Result "1/2-1/2"]
[BlackElo "2569"]
[WhiteElo "2523"]
[LiveChessVersion "1.4.8"]

1. b3 {[%clk 0:03:03]} e5 {[%clk 0:02:59]} 2. Bb2 {[%clk 0:03:04]} Nc6
{[%clk 0:02:59]} 3. c4 {[%clk 0:03:05]} Nf6 {[%clk 0:03:00]} 4. d3
{[%clk 0:03:07]} d5 {[%clk 0:02:58]} 5. cxd5 {[%clk 0:03:08]} Nxd5
{[%clk 0:02:59]} 6. Nf3 {[%clk 0:03:08]} Bd6 {[%clk 0:02:55]} 7. g3
{[%clk 0:03:09]} O-O 8. Bg2 Nb6 {[%clk 0:02:50]} 9. O-O {[%clk 0:03:11]} Bg4
{[%clk 0:02:51]} 10. h3 {[%clk 0:03:07]} Bh5 {[%clk 0:02:52]} 11. Nbd2
{[%clk 0:03:06]} Kh8 {[%clk 0:02:51]} 12. a3 {[%clk 0:02:57]} f5 {[%clk 0:02:47]}
13. b4 {[%clk 0:02:57]} Qe7 {[%clk 0:02:35]} 14. Nh4 {[%clk 0:02:24]} Nd4
{[%clk 0:02:03]} 15. Bxd4 {[%clk 0:02:13]} exd4 {[%clk 0:02:04]} 16. Re1
{[%clk 0:01:54]} f4 {[%clk 0:01:54]} 17. g4 {[%clk 0:01:47]} Bxg4
{[%clk 0:01:45]} 18. hxg4 {[%clk 0:01:46]} Qxh4 {[%clk 0:01:44]} 19. Bf3
{[%clk 0:01:44]} Nd7 {[%clk 0:01:44]} 1/2-1/2

[Event "Team Championship Russia (Blitz, Men)"]
[Site "Sochi"]
[Date "2018.10.10"]
[Round "6.9"]
[White "Ponkratov, Pavel"]
[Black "Chigaev, Maksim"]
[Result "1-0"]
[BlackElo "2616"]
[WhiteElo "2647"]
[LiveChessVersion "1.4.8"]

1. d4 {[%clk 0:03:02]} g6 {[%clk 0:03:04]} 2. e4 {[%clk 0:03:03]} Bg7
{[%clk 0:03:05]} 3. Nc3 {[%clk 0:03:03]} d6 {[%clk 0:03:06]} 4. Be3
{[%clk 0:03:03]} a6 {[%clk 0:03:08]} 5. f3 {[%clk 0:03:04]} b5 {[%clk 0:03:08]}
6. h4 {[%clk 0:03:05]} h5 {[%clk 0:03:08]} 7. Nh3 {[%clk 0:03:05]} Nd7
{[%clk 0:03:08]} 8. Ng5 {[%clk 0:03:06]} e6 {[%clk 0:03:09]} 9. Qd2
{[%clk 0:03:04]} Bb7 {[%clk 0:03:10]} 10. a4 {[%clk 0:03:03]} b4 {[%clk 0:03:09]}
11. Nd1 {[%clk 0:03:04]} a5 {[%clk 0:03:02]} 12. c3 {[%clk 0:03:04]} bxc3
{[%clk 0:02:44]} 13. bxc3 {[%clk 0:03:05]} Ngf6 {[%clk 0:02:41]} 14. Rb1
{[%clk 0:03:04]} Rb8 {[%clk 0:02:40]} 15. Bd3 {[%clk 0:03:02]} O-O
{[%clk 0:02:40]} 16. O-O {[%clk 0:03:03]} e5 {[%clk 0:02:02]} 17. d5
{[%clk 0:02:52]} Nc5 {[%clk 0:01:59]} 18. Nb2 {[%clk 0:02:42]} Nfd7
{[%clk 0:01:52]} 19. Bb5 {[%clk 0:02:43]} Nb6 {[%clk 0:01:11]} 20. Qf2
{[%clk 0:02:43]} Qe7 {[%clk 0:00:55]} 21. c4 {[%clk 0:02:27]} f6 {[%clk 0:00:28]}
22. Nh3 {[%clk 0:02:27]} f5 {[%clk 0:00:28]} 23. Ng5 {[%clk 0:02:24]} Nbd7
{[%clk 0:00:21]} 24. exf5 {[%clk 0:02:22]} gxf5 {[%clk 0:00:13]} 25. Bxd7
{[%clk 0:02:15]} Nxd7 {[%clk 0:00:12]} 26. Ne6 {[%clk 0:02:16]} f4
{[%clk 0:00:13]} 27. Ba7 {[%clk 0:02:15]} Bf6 {[%clk 0:00:13]} 28. Qc2
{[%clk 0:02:06]} Qf7 {[%clk 0:00:05]} 29. Bxb8 {[%clk 0:02:02]} Rxb8
{[%clk 0:00:06]} 30. Qf5 {[%clk 0:01:57]} Nc5 {[%clk 0:00:05]} 31. Nxc5
{[%clk 0:01:56]} dxc5 {[%clk 0:00:06]} 32. Nd3 {[%clk 0:01:55]} e4
{[%clk 0:00:04]} 33. fxe4 {[%clk 0:01:53]} Bd4+ {[%clk 0:00:05]} 34. Kh1
{[%clk 0:01:50]} 1-0

[Event "Team Championship Russia (Blitz, Men)"]
[Site "Sochi"]
[Date "2018.10.10"]
[Round "6.10"]
[White "Vastrukhin, Oleg"]
[Black "Shcherbakov, Ruslan"]
[Result "0-1"]
[BlackElo "2501"]
[WhiteElo "2535"]
[LiveChessVersion "1.4.8"]

1. Nf3 {[%clk 0:03:02]} Nf6 {[%clk 0:03:01]} 2. g3 {[%clk 0:03:03]} b5
{[%clk 0:03:01]} 3. Bg2 {[%clk 0:03:05]} Bb7 {[%clk 0:03:02]} 4. O-O
{[%clk 0:03:06]} e6 {[%clk 0:03:02]} 5. d3 {[%clk 0:03:07]} c5 {[%clk 0:02:57]}
6. Nbd2 {[%clk 0:03:07]} d6 {[%clk 0:02:55]} 7. e4 {[%clk 0:03:08]} Nbd7
{[%clk 0:02:56]} 8. Re1 {[%clk 0:03:09]} Be7 {[%clk 0:02:55]} 9. a4
{[%clk 0:03:10]} a6 {[%clk 0:02:35]} 10. h3 {[%clk 0:03:11]} O-O {[%clk 0:02:33]}
11. g4 {[%clk 0:03:13]} Ne5 {[%clk 0:02:19]} 12. Nf1 {[%clk 0:03:06]} Re8
{[%clk 0:01:48]} 13. Ng3 {[%clk 0:03:07]} Bf8 {[%clk 0:01:47]} 14. g5
{[%clk 0:03:02]} Nfd7 {[%clk 0:01:24]} 15. h4 {[%clk 0:03:04]} g6
{[%clk 0:01:24]} 16. Nh2 {[%clk 0:02:58]} Bg7 {[%clk 0:01:23]} 17. f4
{[%clk 0:02:59]} Nc6 {[%clk 0:01:23]} 18. Ng4 {[%clk 0:02:57]} c4
{[%clk 0:01:12]} 19. dxc4 {[%clk 0:02:28]} bxc4 {[%clk 0:01:11]} 20. Qxd6
{[%clk 0:02:25]} Nd4 {[%clk 0:00:40]} 21. Rd1 {[%clk 0:02:25]} Nxc2
{[%clk 0:00:22]} 22. Qxd7 {[%clk 0:02:18]} Qb6+ {[%clk 0:00:21]} 23. Kh2
{[%clk 0:02:11]} Rad8 {[%clk 0:00:22]} 24. a5 {[%clk 0:02:02]} Rxd7
{[%clk 0:00:22]} 25. axb6 {[%clk 0:01:59]} Rxd1 {[%clk 0:00:23]} 26. Rb1
{[%clk 0:02:01]} Red8 {[%clk 0:00:18]} 27. h5 {[%clk 0:02:01]} Ne1
{[%clk 0:00:15]} 28. Ne3 {[%clk 0:01:44]} R1d3 {[%clk 0:00:11]} 29. Nxc4
{[%clk 0:01:36]} Nxg2 {[%clk 0:00:12]} 30. Kxg2 {[%clk 0:01:37]} Rd1
{[%clk 0:00:11]} 31. h6 {[%clk 0:01:37]} Bd4 {[%clk 0:00:11]} 32. Kf3
{[%clk 0:01:24]} f5 {[%clk 0:00:12]} 33. gxf6 {[%clk 0:01:21]} Bxf6
{[%clk 0:00:13]} 34. Na3 {[%clk 0:01:16]} Rc8 {[%clk 0:00:13]} 35. Be3
{[%clk 0:01:13]} Rxb1 {[%clk 0:00:14]} 36. Nxb1 {[%clk 0:01:14]} Bxb2
{[%clk 0:00:15]} 37. Bd2 {[%clk 0:01:03]} Rc6 {[%clk 0:00:15]} 38. Ba5 Rc5 39.
Bd2 {[%clk 0:00:40]} a5 {[%clk 0:00:17]} 40. Ne2 {[%clk 0:00:38]} a4
{[%clk 0:00:18]} 41. Ke3 {[%clk 0:00:34]} a3 {[%clk 0:00:19]} 42. Bb4
{[%clk 0:00:35]} Rc4 {[%clk 0:00:19]} 43. Bxa3 {[%clk 0:00:36]} Rxe4+
{[%clk 0:00:20]} 44. Kd2 {[%clk 0:00:34]} Bxa3 {[%clk 0:00:21]} 45. Nxa3
{[%clk 0:00:35]} Rb4 {[%clk 0:00:22]} 46. Nc3 {[%clk 0:00:29]} Rxb6
{[%clk 0:00:22]} 47. Nc4 {[%clk 0:00:30]} Rb4 {[%clk 0:00:23]} 48. Nd6
{[%clk 0:00:29]} Kf8 {[%clk 0:00:21]} 49. Ke3 {[%clk 0:00:25]} Ke7
{[%clk 0:00:22]} 50. Ndb5 {[%clk 0:00:22]} Rb3 {[%clk 0:00:22]} 51. Kd2
{[%clk 0:00:21]} Rb2+ {[%clk 0:00:21]} 52. Ke3 {[%clk 0:00:21]} Rh2 53. Ne2 Ba6
{[%clk 0:00:22]} 54. Nbd4 {[%clk 0:00:15]} Bxe2 {[%clk 0:00:23]} 55. Nxe2
{[%clk 0:00:16]} Rxh6 {[%clk 0:00:24]} 56. Kd4 0-1

[Event "Team Championship Russia (Blitz, Men)"]
[Site "Sochi"]
[Date "2018.10.10"]
[Round "6.11"]
[White "Gutenev, Alexander"]
[Black "Lugovskoy, Maxim"]
[Result "1-0"]
[BlackElo "2436"]
[WhiteElo "2440"]
[LiveChessVersion "1.4.8"]

1. e4 {[%clk 0:03:04]} e6 2. d4 d5 {[%clk 0:03:05]} 3. Nc3 {[%clk 0:03:06]} Bb4
{[%clk 0:03:06]} 4. e5 c5 5. a3 {[%clk 0:03:09]} Bxc3+ {[%clk 0:03:09]} 6. bxc3
{[%clk 0:03:10]} Ne7 {[%clk 0:03:10]} 7. Qg4 {[%clk 0:03:11]} Qc7
{[%clk 0:03:12]} 8. Bd3 {[%clk 0:03:12]} cxd4 {[%clk 0:03:09]} 9. Ne2
{[%clk 0:03:13]} Nbc6 {[%clk 0:03:10]} 10. cxd4 {[%clk 0:03:05]} Bd7
{[%clk 0:03:12]} 11. Qxg7 {[%clk 0:02:45]} Rg8 {[%clk 0:03:13]} 12. Qxh7
{[%clk 0:02:46]} Nxd4 {[%clk 0:03:10]} 13. Bf4 {[%clk 0:02:17]} Nxe2
{[%clk 0:02:40]} 14. Kxe2 {[%clk 0:02:18]} O-O-O {[%clk 0:02:30]} 15. Rhe1
{[%clk 0:02:11]} Rxg2 {[%clk 0:02:29]} 16. Bg3 {[%clk 0:02:02]} Rxg3
{[%clk 0:02:29]} 17. hxg3 {[%clk 0:02:01]} Qxe5+ {[%clk 0:02:30]} 18. Kf1
{[%clk 0:02:01]} Qf6 {[%clk 0:02:30]} 19. Qh4 {[%clk 0:01:48]} Qxh4 20. gxh4
{[%clk 0:01:50]} Rh8 {[%clk 0:02:31]} 21. Kg2 {[%clk 0:01:38]} Rxh4
{[%clk 0:02:32]} 22. Re3 {[%clk 0:01:22]} Bc6 {[%clk 0:02:30]} 23. Kg3
{[%clk 0:01:20]} Rh8 {[%clk 0:02:26]} 24. Rf3 {[%clk 0:01:15]} Rg8+
{[%clk 0:02:26]} 25. Kh2 {[%clk 0:01:13]} f5 {[%clk 0:02:18]} 26. Re1
{[%clk 0:01:10]} Bd7 {[%clk 0:02:08]} 27. Rg3 {[%clk 0:01:11]} Rh8+
{[%clk 0:02:09]} 28. Rh3 {[%clk 0:01:13]} Rxh3+ {[%clk 0:02:00]} 29. Kxh3
{[%clk 0:01:13]} Kc7 {[%clk 0:01:58]} 30. Kh4 {[%clk 0:01:14]} Kd6
{[%clk 0:02:00]} 31. f4 {[%clk 0:01:14]} Nc6 {[%clk 0:01:55]} 32. Kg5
{[%clk 0:01:14]} Nd4 {[%clk 0:01:32]} 33. Kf6 {[%clk 0:01:14]} b6
{[%clk 0:01:22]} 34. c4 {[%clk 0:01:06]} Bc6 {[%clk 0:01:07]} 35. Re3
{[%clk 0:01:01]} Kc5 {[%clk 0:01:06]} 36. cxd5 {[%clk 0:00:56]} Bxd5
{[%clk 0:01:08]} 37. Re1 {[%clk 0:00:51]} Nf3 {[%clk 0:01:02]} 38. Rc1+
{[%clk 0:00:48]} Kd4 {[%clk 0:01:04]} 39. Be2 {[%clk 0:00:45]} Nd2
{[%clk 0:01:03]} 40. Bh5 {[%clk 0:00:35]} Ne4+ {[%clk 0:00:53]} 41. Ke7
{[%clk 0:00:35]} Ke3 {[%clk 0:00:52]} 42. Bf7 {[%clk 0:00:28]} Nc5
{[%clk 0:00:53]} 43. Rf1 {[%clk 0:00:24]} Bc4 {[%clk 0:00:49]} 44. Rc1
{[%clk 0:00:25]} Bd5 {[%clk 0:00:51]} 45. Rf1 {[%clk 0:00:26]} a5
{[%clk 0:00:36]} 46. Kd6 {[%clk 0:00:25]} a4 {[%clk 0:00:35]} 47. Bg8
{[%clk 0:00:19]} Ke2 {[%clk 0:00:35]} 48. Rg1 {[%clk 0:00:14]} Ke3
{[%clk 0:00:33]} 49. Rb1 {[%clk 0:00:15]} Kxf4 {[%clk 0:00:31]} 50. Rxb6
{[%clk 0:00:15]} Ne4+ {[%clk 0:00:33]} 51. Ke7 {[%clk 0:00:15]} Ng5
{[%clk 0:00:28]} 52. Kf6 {[%clk 0:00:16]} Ne4+ {[%clk 0:00:28]} 53. Ke7
{[%clk 0:00:17]} Ng5 {[%clk 0:00:19]} 54. Kf6 {[%clk 0:00:19]} Ne4+
{[%clk 0:00:20]} 55. Ke7 {[%clk 0:00:20]} Nc5 {[%clk 0:00:18]} 56. Kd6
{[%clk 0:00:18]} Ne4+ {[%clk 0:00:17]} 57. Ke7 {[%clk 0:00:19]} Ng5
{[%clk 0:00:12]} 58. Kf6 {[%clk 0:00:20]} Bb3 {[%clk 0:00:06]} 59. Rb4+
{[%clk 0:00:19]} Ne4+ {[%clk 0:00:07]} 60. Kg6 {[%clk 0:00:18]} e5
{[%clk 0:00:09]} 61. Bxb3 {[%clk 0:00:17]} axb3 {[%clk 0:00:10]} 62. a4
{[%clk 0:00:17]} b2 {[%clk 0:00:04]} 63. a5 {[%clk 0:00:16]} Ke3 {[%clk 0:00:04]}
64. Rxb2 {[%clk 0:00:17]} f4 {[%clk 0:00:03]} 65. a6 {[%clk 0:00:17]} Nd6 1-0